00876 2200313 4500001002100000005001700021008004100038020002200079035002400101040001200125041000800137082001700145084001700162090001900179100001600198245010600214250001100320260003000331300003100361440002300392650002300415700001900438700001600457700002300473850001200496990001800508990001800526990001800544INLIS00000000003155120171012132225.0  a978-602-420-236-1 0010-101700000000229 aYOPDYOG0 aind042[23]a028.55 a028.55 Iwo U aK 028.55 Iwo U0 aIWOK ABQARY1 aUmar sang penolongc/ Iwok Abqary; editor, Dadan Ramadhan, Yulia Nurul Irawan; ilustrator, M. Isnaeni aCet. 1 aBandungbDar! Mizanc2016 a20 hlm.b: ilus.c; 18 cm. aSeri sahabat Rasul 4aBacaan kanak-kanak0 aDadan Ramadhan1 aIsnaeni, M.0 aYulia Nurul Irawan aYOPDYOG a28381-PD/B.17 a28382-PD/B.17 a28383-PD/B.17